000
00289nam a22001337a 4500
008
210308b ||||| |||| 00| 0 eng d
041
_a
eng
080
_a
7
082
_a
7
100
_a
45
101
_a
ART
245
_a
Eigghteenth-Century French Plays
_c
Brenner,D.C
942
_2
udc
_c
BK
999
_c
55977
_d
55977